Principles of analytical chemistry: A textbook/ (Record no. 154006)

MARC details
000 -LEADER
fixed length control field 00558nam a22001817a 4500
003 - CONTROL NUMBER IDENTIFIER
control field dpl
005 - DATE AND TIME OF LATEST TRANSACTION
control field 20180713154842.0
008 - FIXED-LENGTH DATA ELEMENTS--GENERAL INFORMATION
fixed length control field 180713b xxu||||| |||| 00| 0 eng d
020 ## - INTERNATIONAL STANDARD BOOK NUMBER
International Standard Book Number 8181283406
Terms of availability 0.00
035 ## - SYSTEM CONTROL NUMBER
System control number B-227311
040 ## - CATALOGING SOURCE
Original cataloging agency DPL
Language of cataloging EN
Transcribing agency 0
082 ## - DEWEY DECIMAL CLASSIFICATION NUMBER
Classification number 543
100 ## - MAIN ENTRY--PERSONAL NAME
Personal name Valcarcel, Miguel
245 ## - TITLE STATEMENT
Title Principles of analytical chemistry: A textbook/
Statement of responsibility, etc by Miguel Valcarel
260 ## - PUBLICATION, DISTRIBUTION, ETC. (IMPRINT)
Place of publication, distribution, etc New Delhi
Name of publisher, distributor, etc Springer Pvt Ltd.
Date of publication, distribution, etc N.A.
300 ## - PHYSICAL DESCRIPTION
Extent xiv;, 366p;
Other physical details ill;132figures, includes glossary
Dimensions 22cm.(pb)
942 ## - ADDED ENTRY ELEMENTS (KOHA)
Source of classification or shelving scheme Dewey Decimal Classification
Koha item type English Books
Classification part 543
Call number suffix VAL
Holdings
Withdrawn status Lost status Source of classification or shelving scheme Damaged status Not for loan Collection code Home library Current library Date acquired Cost, normal purchase price Total Checkouts Full call number Barcode Date last seen Cost, replacement price Price effective from Koha item type
    Dewey Decimal Classification     Non-fiction Patel Nagar Patel Nagar 13/07/2018 0.00   543 VAL B-227311 13/07/2018 0.00 13/07/2018 English Books

© Delhi Public Library
Hit Counter
free hit counter